00527nam a22001697a 450000500170000001000150001702000260003203500130005803700130007108200120008410000230009624500800011926000430019927000550024230000200029750000400031720150907143225.0 aENG-113467 c400.00a9788170545514 aEN-96999 bDBAD/PUB a330.954 aSrivastava, Sanjay aIndian economic policy and agricultural development /cby Sanjay Srivastava aNew DelhibClassical Publishing c2011 a28, Shopping Centre, Karampura bNew Delhie110056 a176p.c22cm(Hb) aIncludes bibliographical references